[Event "Vadso op"]
[Site "Vadso"]
[Date "2010.08.29"]
[Round "5"]
[White "Notkevich, Benjamin Arvola"]
[Black "Savenkova, Anna"]
[Result "1-0"]
[WhiteElo "2188"]
[BlackElo "2141"]
[PlyCount "43"]
[EventDate "2010.08.27"]
[EventType "swiss"]
[EventRounds "5"]
[EventCountry "NOR"]
[SourceTitle "CBM 138 Extra"]
[Source "ChessBase"]
[SourceDate "2010.10.29"]
[SourceVersion "1"]
[SourceVersionDate "2010.10.29"]
[SourceQuality "1"]

1. e4 d6 2. d4 Nf6 3. Nc3 c6 4. f4 Qa5 5. Bd3 e5 6. dxe5 dxe5 7. Nf3 exf4 8. Bxf4 Qb6 9. Qd2 Qxb2 10. Rb1 Qa3 11. e5 Nd5 12. Nxd5 cxd5 13. 0-0 Bc5+ 14. Kh1 Nc6 15. Ng5 g6 16. Nxf7 Kxf7 17. Bh6+ Ke8 18. Qf4 Nd8 19. Qf6 Rg8 20. e6 Bxe6 21. Bb5+ Bd7 22. Rbe1+ 1-0

[Event "Vadsosjakken-A"]
[Site "Vadso"]
[Date "2009.08.30"]
[Round "4"]
[White "Johnsen, Kjell Magne"]
[Black "Savenkova, Anna"]
[Result "0-1"]
[WhiteElo "1906"]
[BlackElo "2144"]
[PlyCount "79"]
[EventDate "2009.08.28"]
[EventType "swiss"]
[EventRounds "5"]
[EventCountry "NOR"]
[SourceTitle "EXT 2012"]
[Source "ChessBase"]
[SourceDate "2011.11.24"]
[SourceVersion "1"]
[SourceVersionDate "2011.11.24"]
[SourceQuality "1"]

1. d4 d5 2. c4 e6 3. Nc3 f5 4. Nf3 Nf6 5. g3 c6 6. Bg2 Bd6 7. 0-0 0-0 8. Qc2 Ne4 9. Bf4 h6 10. Rad1 Bxf4 11. gxf4 Nd7 12. Ne5 Qf6 13. Kh1 g5 14. fxg5 hxg5 15. Nxe4 dxe4 16. Nxd7 Bxd7 17. f3 exf3 18. Rxf3 Be8 19. Rb3 Rf7 20. d5 e5 21. d6 e4 22. c5 Rd7 23. Qc3 Kg7 24. Ra3 Qxc3 25. Rxc3 a5 26. Kg1 Bf7 27. a3 a4 28. Kf2 Bd5 29. Rd4 Kf6 30. Rb4 Bb3 31. Rh3 Ra5 32. Rc3 Ke5 33. e3 Bd5 34. h3 f4 35. Bf1 Rf7 36. Rc1 Be6 37. Bg2 f3 38. Bf1 g4 39. hxg4 Bxg4 40. Bc4 0-1